000 00332nam a2200145Ia 4500
005 20250508052824.0
008 240331s9999 xx 000 0 und d
082 _bKRI
_a891
100 _aMaithri, M
245 0 _aPugai naduvil
260 _aChennai
_bArunthathi Nilayam
_c2000
300 _a216 p .,
650 _aNovel
942 _cL
999 _c4777
_d4777